01471nas a2200397 i 450000100060000000300080000600500170001400600190003100700150005000800410006502200140010603500210012004000310014105000180017208000100019008200140020024500490021426400630026330000250032631000100035133600310036133700330039233800430042536200360046858801280050459001640063265000340079665000230083065000310085365500290088470000380091377300240095179700190097585600620099499900170105669673FlNmELB20241217143138.0m o d | cr cnu||||||||140228c20109999ck ar p o 0 b0spa d a1909-7433 a(OCoLC)949107871 aFINmELBbspaerdacFINmELB 4aH1bP195 2010 a3(05)0 a300.522300aPanorama /cEduardo Enrique Norman (editor). 1aBogotá :bEditorial Politécnico Grancolombiano,c2010. a1 recurso en línea aAnual atextobtxt2rdacontent/spa acomputadorabc2rdamedia/spa arecurso en líneabcr2rdacarrier/spa0 aNúmero 9 (noviembre) (2010) - aDescripción basada en recurso en línea; Título de la página del título en PDF (e-libro, visto February 28, 2014). aRecurso electrónico. Santa Fe, Arg.: e-libro, 2015. Disponible vía World Wide Web. El acceso puede estar limitado para las bibliotecas afiliadas a e-libro. 0aSocial sciencesvPeriodicals. 4aCiencias sociales. 4aPublicación periódica. 4aRevistas electrónicas.1 aNorman, Eduardo Enrique,eeditor.0 tPanoramax1909-74332 ae-libro, Corp.40uhttps://elibro.net/ereader/politecnicointernacional/84004 c69673d69673